Statistics for NRL State of Origin NSW Players

Click here to take the quiz!

General Stats

  • This quiz has been taken 20 times
  • The average score is 37 of 310

Answer Stats

Answer% Correct
Nathan Cleary
88%
James Tedesco
69%
Andrew Johns
63%
Chris Johns
63%
Josh Addo-Carr
63%
Matthew Johns
63%
Brad Fittler
56%
Damien Cook
56%
James Maloney
56%
Brian To'o
50%
Jarome Luai
50%
Latrell Mitchell
50%
Paul Gallen
44%
Tom Trbojevic
44%
Adam Reynolds
38%
Angus Crichton
38%
Cody Walker
38%
Dylan Walker
38%
Isaah Yeo
38%
Jake Trbojevic
38%
Josh Reynolds
38%
Laurie Daley
38%
Peter Sterling
38%
Phil Daley
38%
Stephen Crichton
38%
Bradman Best
31%
Brett Morris
31%
Cameron Murray
31%
Chris Mortimer
31%
Clinton Gutherson
31%
David Williams
31%
Josh Morris
31%
Mitchell Moses
31%
Mitchell Pearce
31%
Scott Hill
31%
Steve Mortimer
31%
Terry Hill
31%
Tony Williams
31%
Wayne Pearce
31%
Bradley Clyde
25%
Bryan Fletcher
25%
Jarryd Hayne
25%
Nathan Brown
25%
Reece Robson
25%
Ricky Stuart
25%
Steve Morris
25%
Tom Raudonikis
25%
Trent Hodkinson
25%
Anthony Mundine
19%
Anthony Tupou
19%
Anthony Watmough
19%
Blake Ferguson
19%
Bob Cooper
19%
Brett Stewart
19%
Daniel Tupou
19%
David Gillespie
19%
Dean Pay
19%
Eric Grothe Jr
19%
Eric Grothe Sr
19%
Glenn Stewart
19%
Jack Wighton
19%
Jamie Lyon
19%
Jarrod Mullen
19%
John Ferguson
19%
Luke Keary
19%
Luke Lewis
19%
Mark Carroll
19%
Mark Gasnier
19%
Matt Cooper
19%
Michael De Vere
19%
Michael Jennings
19%
Nathan Hindmarsh
19%
Nicholas Hynes
19%
Ray Brown
19%
Ray Price
19%
Steve Roach
19%
Andrew Ettingshausen
13%
Apisai Koroisau
13%
Brad Mackay
13%
Brett Hodgson
13%
Brett Kenny
13%
Brett Kimmorley
13%
Brett Mullins
13%
Craig Fitzgibbon
13%
Daniel Saifiti
13%
Danny Buderus
13%
David Peachey
13%
Garry Jack
13%
Geoff Toovey
13%
Glenn Lazarus
13%
Graham Mackay
13%
Greg Bird
13%
Ian Roberts
13%
Jack Bird
13%
Jacob Saifiti
13%
James Roberts
13%
James Tamou
13%
Jason King
13%
John Hopoate
13%
Josh Dugan
13%
Junior Paulo
13%
Les Boyd
13%
Les Davidson
13%
Liam Martin
13%
Luke Bailey
13%
Luke Ricketson
13%
Mark McGaw
13%
Matt King
13%
Michael O'Connor
13%
Michael Vella
13%
Mick Cronin
13%
Nathan Merritt
13%
Nick Cotric
13%
Paul Harragon
13%
Paul Sironen
13%
Payne Hass
13%
Phil Bailey
13%
Reagan Campbell-Gillard
13%
Robbie Farah
13%
Robbie Ross
13%
Rod Wishart
13%
Ryan Matterson
13%
Siosifa Talakai
13%
Steve Ella
13%
Steve Simpson
13%
Terry Matterson
13%
Tim Brasher
13%
Tim Grant
13%
Tony Butterfield
13%
Tyrone Peachey
13%
Wade Graham
13%
Will Hopoate
13%
Willie Mason
13%
Aaron Woods
6%
Adam MacDougall
6%
Adam Muir
6%
Akuila Uate
6%
Alan Thompson
6%
Alan Wilson
6%
Andrew Farrar
6%
Andrew Fifita
6%
Andrew Ryan
6%
Anthony Minichiello
6%
Ben Creagh
6%
Ben Hornby
6%
Ben Kennedy
6%
Benny Elias
6%
Boyd Cordner
6%
Brad Izzard
6%
Braith Anasta
6%
Brent Kite
6%
Brett White
6%
Brian Johnston
6%
Bruce McGuire
6%
Cliff Lyons
6%
Craig Hancock
6%
Craig Wing
6%
Craig Young
6%
Darren Albert
6%
David Barnhill
6%
David Boyle
6%
David Furner
6%
David Hall
6%
David Klemmer
6%
Dean Young
6%
Des Hasler
6%
Gavin Miller
6%
Graham Eadie
6%
Graham Lyons
6%
Greg Alexander
6%
Greg Brentnall
6%
Hazem El Masri
6%
Hudson Young
6%
James McManus
6%
Jamie Buhrer
6%
Jamie Soward
6%
Jason Croker
6%
Jason Moodie
6%
Jason Ryles
6%
Jason Taylor
6%
Josh Jackson
6%
Josh Mansour
6%
Josh Perry
6%
Kade Snowden
6%
Keaon Koloamatangi
6%
Keith Galloway
6%
Ken McGuinness
6%
Kurt Gidley
6%
Lindsay Johnston
6%
Luke O'Donnell
6%
Luke Priddis
6%
Luke Rooney
6%
Mario Fenech
6%
Mark Geyer
6%
Mark O'Meley
6%
Mark Sargent
6%
Matt Burton
6%
Matt Geyer
6%
Matthew Gidley
6%
Matt Moylan
6%
Max Krilich
6%
Michael Ennis
6%
Neil Hunt
6%
Nik Kosef
6%
Peter Kelly
6%
Peter Wallace
6%
Phil Blake
6%
Robert Stone
6%
Royce Simmons
6%
Shaun Timmins
6%
Steve Carter
6%
Steve Edge
6%
Steve Rogers
6%
Terry Campese
6%
Terry Fahey
6%
Terry Lamb
6%
Tevita Pangai Junior
6%
Timana Tahu
6%
Tim Mannah
6%
Todd Carney
6%
Tony Rampling
6%
Anthony Laffranchi
0%
Anthony Quinn
0%
Barry Jensen
0%
Beau Scott
0%
Ben Cross
0%
Brett Finch
0%
Brett Rodwell
0%
Brian Hetherington
0%
Chris Anderson
0%
Chris Walsh
0%
Craig Gower
0%
Craig Salvatori
0%
Dale Finucane
0%
David Brooks
0%
David Fairleigh
0%
David Trewhella
0%
Don McKinnon
0%
Garry Dowling
0%
Gary Hambly
0%
Geoff Bugden
0%
Geoff Gerard
0%
Graeme Wynn
0%
Greg Florimo
0%
Jack de Belin
0%
Jamal Idris
0%
Jamie Ainscough
0%
Jason Stevens
0%
Jim Dymock
0%
Jim Leis
0%
Jim Sardaris
0%
Joel Monaghan
0%
John Cartwright
0%
John Coveney
0%
John Muggleton
0%
John Simon
0%
Jonathan Docking
0%
Justin Poore
0%
Ken Nagas
0%
Kevin Hastings
0%
Kotoni Staggs
0%
Mark Hughes
0%
Marty Gurr
0%
Matt Adamson
0%
Matt Prior
0%
Matt Seers
0%
Michael Buettner
0%
Michael Gordon
0%
Michael Potter
0%
Michael Weyman
0%
Nathan Peats
0%
Noel Cleal
0%
Pat Jarvis
0%
Paul Dunn
0%
Paul Field
0%
Paul Langmack
0%
Paul McGregor
0%
Paul Merlo
0%
Paul Vaughn
0%
Peter Trunks
0%
Peter Wynn
0%
Phillip Duke
0%
Phil Sigsworth
0%
Rex Wright
0%
Ricky Walford
0%
Robbie Kearns
0%
Robbie McCormack
0%
Rodney Howe
0%
Ron Hilditch
0%
Ross Conlon
0%
Royce Ayliffe
0%
Ryan Girdler
0%
Ryan Hoffman
0%
Ryan O'Hara
0%
Scott Gourley
0%
Stan Jurd
0%
Stefano Utoikamanu
0%
Steve Bowden
0%
Steve Folkes
0%
Steve Hanson
0%
Steve Menzies
0%
Steve Turner
0%
Tariq Sims
0%
Tom Learoyd-Lahrs
0%
Tony Melrose
0%
Trent Barrett
0%
Trent Merrin
0%
Trent Waterhouse
0%
Tyson Frizell
0%
Ziggy Niszczot
0%

Score Distribution

Percentile by Number Answered

Percent of People with Each Score

Your Score History

You have not taken this quiz